| 000 | 00618nam a2200241Ia 4500 | ||
|---|---|---|---|
| 003 | OSt | ||
| 005 | 20221007101416.0 | ||
| 006 | a|||||r|||| 00| 0 | ||
| 007 | ta | ||
| 008 | 221006b |||||||| |||| 00| 0 eng d | ||
| 024 | _a6,404 | ||
| 037 | _cTextual | ||
| 040 |
_aLCO _cLCO _beng |
||
| 041 |
_2eng _aeng |
||
| 082 | _aX:97D, K6 | ||
| 100 | _aKENNEDY VAN DUSEN | ||
| 245 | 0 | _aUnions Employers and Government. | |
| 260 |
_aBombay _bManaktalas _c1966 |
||
| 300 | _a227 | ||
| 650 |
_aUNION EMPLOYER _9702952 |
||
| 942 |
_hX:97D, K6 _cTEXL |
||
| 999 |
_c1175967 _d1175967 |
||